| 000 | 00797cab a22002055a 4500 | ||
|---|---|---|---|
| 001 | L147545 | ||
| 008 | 090521s2009 xxk f 000 0 eng d | ||
| 035 | _a(Sirsi) u147545 | ||
| 041 | 0 | _aeng | |
| 100 | 1 | _aFowler, Stephen | |
| 245 | 0 | 0 | _aCancellation of contracts |
| 260 | _c2009 | ||
| 490 | 0 |
_aThe Letting Update Journal _v17(1) April 2009, 28-29(2) |
|
| 520 | _aHow the changes to the law on the cancellation of contracts will affect property agents and their clients. The changes were made in the Supply of Goods and Services Act that came into force on 1 October 2008. | ||
| 590 | _aKA | ||
| 650 | 2 | 4 | _aSUPPLY OF GOODS AND SERVICES ACT 1982 |
| 651 | 4 |
_aEngland and Wales _y1543- |
|
| 690 | _aBUILT ENVIRONMENT-CONSTRUCTION MANAGEMENT-BUILDING CONTRACT ADMINISTRATION | ||
| 942 | _n0 | ||
| 999 |
_c109609 _d109609 |
||